Statistics for Top 100 Biggest Cities in US States that Start with M

Click here to take the quiz!

General Stats

  • This quiz has been taken 180 times
  • The average score is 31 of 100

Answers on the Map

Answers color-coded by a green-red scale on the quiz's map according to % correct below.
Loading ...
 

Answer Stats

StateCityPopulation% Correct
MinnesotaMinneapolis437,069
93%
MassachusettsBoston710,195
89%
MarylandBaltimore590,479
86%
MichiganDetroit667,272
85%
MissouriKansas City505,198
82%
MissouriSt. Louis293,792
82%
MississippiJackson160,080
81%
MinnesotaSt. Paul311,895
81%
MontanaBillings109,868
74%
MichiganGrand Rapids205,289
69%
MichiganLansing120,921
67%
MassachusettsWorcester186,433
67%
MassachusettsSpringfield155,472
65%
MissouriSpringfield169,552
65%
MainePortland66,067
64%
MinnesotaDuluth85,728
60%
MontanaMissoula77,058
59%
MichiganAnn Arbor123,062
58%
MassachusettsCambridge121,783
56%
MichiganFlint94,867
56%
MinnesotaRochester119,917
51%
MontanaBozeman52,034
50%
MontanaGreat Falls58,627
47%
MississippiGulfport72,670
47%
MissouriColumbia125,976
45%
MarylandColumbia103,663
45%
MichiganKalamazoo76,497
44%
MassachusettsLowell112,626
44%
MichiganSterling Heights133,370
42%
MissouriIndependence116,715
41%
MichiganWarren134,375
40%
MichiganDearborn93,587
39%
MarylandFrederick74,346
39%
MinnesotaSt. Cloud68,505
36%
MassachusettsQuincy94,948
35%
MissouriSt. Joseph75,399
33%
MinnesotaBloomington85,818
31%
MassachusettsNew Bedford95,155
29%
MichiganTroy84,470
29%
MassachusettsFall River89,633
28%
MassachusettsLynn96,032
28%
MissouriSt. Charles72,750
27%
MassachusettsNewton89,406
26%
MarylandRockville70,088
26%
MississippiSouthaven56,792
26%
MissouriO'Fallon90,684
25%
MassachusettsBrockton96,313
24%
MarylandGaithersburg69,079
24%
MissouriLee's Summit100,683
24%
MinnesotaPlymouth81,014
24%
MarylandBethesda62,448
23%
MichiganLivonia93,375
23%
MarylandBowie58,904
22%
MissouriSt. Peters57,167
21%
MinnesotaMaple Grove74,063
20%
MinnesotaMinnetonka54,861
20%
MinnesotaBrooklyn Park81,486
19%
MassachusettsSomerville82,076
19%
MinnesotaEden Prairie64,704
18%
MassachusettsFramingham73,917
18%
MichiganWyoming76,506
18%
MichiganPontiac59,570
17%
MassachusettsBrookline59,234
16%
MarylandSilver Spring79,750
16%
MinnesotaBlaine67,496
15%
MissouriBlue Springs56,014
15%
MinnesotaEdina53,186
15%
MarylandGermantown90,844
15%
MassachusettsLawrence80,760
15%
MassachusettsMedford57,633
14%
MinnesotaBurnsville61,461
13%
MinnesotaCoon Rapids62,795
13%
MichiganRochester Hills76,048
13%
MassachusettsTaunton57,320
13%
MarylandTowson58,347
13%
MassachusettsWaltham62,954
13%
MinnesotaWoodbury73,404
13%
MinnesotaApple Valley55,059
12%
MichiganDearborn Heights55,146
12%
MichiganFarmington Hills80,829
12%
MassachusettsRevere54,105
12%
MichiganSouthfield73,034
12%
MinnesotaEagan67,097
11%
MassachusettsHaverhill64,907
11%
MassachusettsMalden60,860
10%
MichiganNovi61,687
10%
MichiganRoyal Oak59,751
10%
MassachusettsPeabody53,676
9%
MarylandWaldorf74,587
9%
MassachusettsChicopee55,624
8%
MarylandGlen Burnie69,813
8%
MichiganKentwood51,930
8%
MichiganSt. Clair Shores59,195
8%
MichiganTaylor60,768
8%
MichiganWestland81,324
8%
MarylandDundalk62,768
7%
MinnesotaLakeville69,295
6%
MarylandEllicott City72,247
5%
MassachusettsWeymouth Town59,379
3%
MarylandAspen Hill52,807
2%

Score Distribution

Percentile by Number Answered

Percent of People with Each Score

Your Score History

You have not taken this quiz